000
00211 a2200097 4500
001
30269
100
_a
Dickens, Ch
245
_a
Life & Adventures
260
_a
Lodnon
_b
Macmillan & Co
_c
090
_c
20212
_d
20212
942
_a
NUST-CAE
_c
M
_c
11351
999
_c
265342
_d
265342